| 000 | 00771nam a22002417a 4500 | ||
|---|---|---|---|
| 999 |
_c15006 _d15006 |
||
| 003 | AR-CdUCM | ||
| 008 | 190425b ||||| |||| 00| 0 spa d | ||
| 020 | _a978-84-8101-236-8 | ||
| 040 |
_aMUNICIPALIDAD PROVINCIAL DEL CUSCO _cBIBLIOTECA MUNICIPAL DEL CUSCO |
||
| 082 |
_aPI / 376.1 / _bI78 |
||
| 100 |
_aIsern, Susanna _934005 |
||
| 245 | _aUn cocodrilo en la granja / | ||
| 260 |
_aBarcelona : _bCombel, _c2017. |
||
| 300 |
_c21 cm. _bIlustración, |
||
| 440 |
_aCaballito !arre, caballito! trote galope _933977 |
||
| 500 | _aTexto no cuenta con numeración de página. | ||
| 650 |
_aHistoria _9136 |
||
| 650 |
_aEntretenimiento _915681 |
||
| 650 |
_aInfancia _95236 |
||
| 700 |
_aBallesteros, Carles _934006 |
||
| 942 |
_2ddc _cLIBROS |
||
| 945 |
_arah _d25/04/2019 |
||